| 000 | 01040nam a22003257a 4500 | ||
|---|---|---|---|
| 001 | BR0401364 | ||
| 003 | BR-BrBNA | ||
| 005 | 20230928101533.0 | ||
| 007 | ta | ||
| 008 | 230509b bl.||||| |||| 00| 0 por d | ||
| 040 |
_aBR-BrBNA _bpor _cBiblioteca Nacional de Agricultura |
||
| 041 | _a(Por) | ||
| 072 |
_aL02; Q52; Q54 _b0230 _b8954 _b8952 |
||
| 090 | _ 0230 BR0401364 | ||
| 100 | 1 | _aCastro Neto, A.G. de | |
| 110 | 1 |
_aUniversidade Federal de Minas Gerais, Belo Horizonte (Brasil). Escola de Veterinária _0Tese (Mestre em Zootecnia) |
|
| 245 | 1 | _aAvaliação de silagens de cana-de-açúcar submetidas a diferentes tratamentos | |
| 260 | 3 |
_aBelo Horizonte, MG (Brasil): _c2003. |
|
| 300 | _a53 p. | ||
| 500 | _aSummaries (Eng, Por); Bibliography p. 46-52; 16 tables | ||
| 650 | _aCANA DE AÇÚCAR | ||
| 650 | _aRAÇÃO | ||
| 650 | _aSILAGEM | ||
| 650 | _aALIMENTO PARA ANIMAL | ||
| 650 | _aDIGESTIBILIDADE | ||
| 650 | _aPROTEÍNA | ||
| 650 | _aVALOR NUTRITIVO | ||
| 909 |
_a202309 _bLucia _c55 _dLucia Elande |
||
| 942 | _cBK | ||
| 999 |
_c66310 _d66310 |
||